000 00295nam a22001337a 4500
008 171010b xxu||||| |||| 00| 0 eng d
020 _a9780131111646
041 _aeng
080 _27TH
_a316
100 _a50
101 _aSOC
245 _aSOCIETY THE BASICS
_cMACIONIS,J,J
942 _2udc
_cBK
999 _c32906
_d32906